Animals Deadliest to Humans - Statistics

General Stats
  • This quiz has been taken 79 times
  • The average score is 6 of 14
Answer Stats
Fatalities Animal % Correct
100,000 Snakes
83%
250 Lions
79%
1,000,000 Mosquitos
75%
30,000 Dogs
62%
500 Hippopotamuses
59%
500 Elephants
52%
1,000 Crocodiles
35%
100 Killer Bees
35%
10,000 Tsetse Flies
35%
200 Buffalo
24%
100 Deer
17%
3,200 Tapeworms/Roundworms
16%
20,000 Freshwater Snails
13%
12,000 Assassin Bugs
6%
No matching quizzes found
Score Distribution
Percent of People with Each Score
Percentile by Number Answered
Your Score History
You have not taken this quiz